000 00779cab a2200229 4500
001 WB3034-37
008 090401t1994 xxu||||| |||| 00| 0 eng d
035 _a(Sirsi) u47090
041 _aeng
245 _aPrivate rented sector backed
260 _c1994
350 _a0
490 _aWestern Morning News
_v10 September 1994, 40(1)
520 _aMore than a third of properties let in the private rented sector are managed by letting agents and at least 60% of these are the responsibility of members of the Association of Residential Letting Agents (ARLA).
650 _aPRIVATE RENTED SECTOR
650 _aRENTED HOUSING
650 _aRESIDENTIAL LETTING AGENTS
650 _aSTATISTICS
690 _aBlock management
_96220
942 _n0
948 _c04/03/1997
999 _c29700
_d29700